| 000 | 01441nam a22003377a 4500 | ||
|---|---|---|---|
| 001 | BRCA_9425 | ||
| 003 | FranzMayer | ||
| 005 | 20230918130457.0 | ||
| 008 | 230906b |||||||| |||| 00| 0 eng d | ||
| 020 | _a9789587165937 | ||
| 040 |
_aMFM _bESPAÑOL _cMFM |
||
| 050 | 0 |
_aTS171.4 _bJ38 2012 |
|
| 110 | 1 |
_4Responsable _aPontifica Universidad Javeriana _929656 |
|
| 240 |
_aHacer y pensar del diseñador industrial Javeriano _h35 años, primera muestra 1977-2012 _lEspañol |
||
| 245 | 0 |
_aHacer y pensar del diseñador industrial Javeriano _b35 años, primera muestra 1977-2012 |
|
| 260 |
_aBogotá, Colombia _bPontifica Universidad Javeriana _c2012 |
||
| 300 |
_a207 p _bIlustraciones a color _c24 cm |
||
| 500 | _aAnexo 1 | ||
| 505 | _aTexto en: españolIncluye índice temáticoDirigido a: diseñadores, profesores y estudiantes de diseño | ||
| 650 | 1 |
_2Manufactura _aManufactura de objetos _vDiseño de productos _929657 |
|
| 651 | 2 |
_2Diseño _aDiseño industrial _vPontifica Universidad Javeriana _929658 |
|
| 700 | 1 |
_4Foto _aAldana, Camilo _929659 |
|
| 700 | 1 |
_4Foto _aArcos Arciniegas, Bibiana _929660 |
|
| 700 | 1 |
_4Foto _aCruz-DePaula, Danilo _929661 |
|
| 700 | 1 |
_4Foto _aGómez Jaramillo, Martín Horacio _929662 |
|
| 700 | 1 |
_4Foto _aGuerrego G, Omar _929663 |
|
| 700 | 1 |
_4Foto _aMalo Jaramillo, Juan _929664 |
|
| 700 | 1 |
_4Foto _aQuínceno Hoyos, Santiago _929665 |
|
| 700 | 1 |
_4Foto _aRamírez, Omar _929666 |
|
| 942 |
_2lcc _cB |
||
| 999 |
_c11047 _d11047 |
||